000 00320nam a2200121Ia 4500
008 240731s9999 xx 000 0 und d
022 _a1476-086X
245 0 _aRadical Society: Review of Culture and Politics
260 _bRoutledge
856 _uhttps://www.tandfonline.com/loi/rras20
942 _2ddc
942 _cTFEJ
999 _c79126
_d79126
945 _a1
_bMadushi Gamage
_c1
_dMadushi Gamage